[Event "It"]
[Site "Presov SVK"]
[Date "2000.08.17"]
[Round "6"]
[White "Mrva,M"]
[Black "Kalod,R"]
[Result "1-0"]
[WhiteElo "2468"]
[BlackElo "2483"]

1.e4 c5 2.Nf3 Nc6 3.d4 cxd4 4.Nxd4 Nf6 5.Nc3 d6 6.Bg5 a6 7.Qd2 Qb6 8.Nb3 e6
9.O-O-O Qc7 10.Be2 b5 11.Bxf6 gxf6 12.Bh5 Bb7 13.Qf4 Qe7 14.Rhe1 O-O-O 15.a4 bxa4
16.Nxa4 Kb8 17.Kb1 Rg8 18.g3 Rg5 19.Be2 Re5 20.Bf1 Bg7 21.Qg4 Qf8 22.Nb6 Kc7
23.Nc4 f5 24.exf5 Rxf5 25.f4 Rb5 26.Ne3 Rb4 27.Bg2 Bh8 28.Rd3 Qg7 29.Qxg7 Bxg7
30.f5 a5 31.fxe6 fxe6 32.Nd1 a4 33.Nc1 Be5 34.Ra3 Ba6 35.c3 Rb6 36.Rxa4 Rdb8
37.Kc2 Rf8 38.Rh4 Rf7 39.Nd3 Rb8 40.Rh6 Bxd3+ 41.Kxd3 Re8 42.Rf1 Rg7 43.Bxc6 Kxc6
44.Ne3 Rge7 45.Ra1 Rf8 46.Ng4 Rf3+ 47.Kc2 Kb7 48.Re1 Bh8 49.Rexe6 Rxe6 50.Rxe6 h5
51.Rh6 Bxc3 52.Rxh5 Be1 53.Kd1 Rf1 54.Ke2 Rg1 55.Rd5 Bb4 56.Rb5+  1-0

[Event "IV Taca Brasilia CC"]
[Site "Brasilia BRA"]
[Date "2000.08.20"]
[Round "4"]
[White "Gonzalez,Bo"]
[Black "Chemin,V"]
[Result "1-0"]
[WhiteElo "2246"]
[BlackElo "2309"]

1.e4 c5 2.Nf3 Nc6 3.d4 cxd4 4.Nxd4 Nf6 5.Nc3 d6 6.Bg5 e6 7.Qd2 a6 8.O-O-O Bd7
9.f4 b5 10.Bxf6 gxf6 11.f5 Qb6 12.fxe6 fxe6 13.Nxc6 Bxc6 14.Qf4 Be7 15.a3 O-O-O
16.g3 a5 17.Bh3 Bd7 18.Rd3 b4 19.axb4 axb4 20.Na2 Qa5 21.Kb1 Kc7 22.Nc1 Ra8
23.Nb3 Qa2+ 24.Kc1 Rhg8 25.Rhd1 f5 26.Rxd6 Bg5 27.Rxd7+ Kc8 28.Qxg5 Rxg5
29.Rd8+ Kc7 30.R1d7+ Kb6 31.Rd6+ Kc7 32.R8d7+ Kc8 33.Nc5 Ra5 34.Rc6+ Kb8
35.Rb7+  1-0

[Event "5th Paks Cup IM"]
[Site "Paks HUN"]
[Date "2000.08.20"]
[Round "2"]
[White "Breder,D"]
[Black "Tancsa,R"]
[Result "1-0"]
[WhiteElo "2336"]
[BlackElo "2209"]

1.e4 c5 2.Nf3 d6 3.d4 cxd4 4.Nxd4 Nf6 5.Nc3 Nc6 6.Bg5 e6 7.Qd2 a6 8.O-O-O h6
9.Be3 Nxd4 10.Bxd4 b5 11.Kb1 Be7 12.f4 b4 13.Na4 Nxe4 14.Qxb4 d5 15.Qe1 O-O
16.Bd3 Nf6 17.g4 Bd7 18.Nc5 Qc7 19.g5 Bxc5 20.Bxc5 Qxc5 21.gxf6 g6 22.Qh4 Kh7
23.Rhg1 Rfb8 24.Rg3 Qf8 25.Rdg1 Be8 26.Rh3 Bb5 27.Rgg3 Bxd3 28.Qxh6+  1-0

[Event "Summer Festival Open"]
[Site "Lisbon POR"]
[Date "2000.08.21"]
[Round "1"]
[White "Henriques,S"]
[Black "Damaso,R"]
[Result "1-0"]
[WhiteElo "2032"]
[BlackElo "2386"]

1.e4 c5 2.Nf3 d6 3.d4 cxd4 4.Nxd4 Nf6 5.Nc3 Nc6 6.Bg5 e6 7.Qd2 a6 8.f3 h6
9.Be3 Nxd4 10.Bxd4 e5 11.Be3 Be6 12.O-O-O Rc8 13.Kb1 Be7 14.g4 Qa5 15.Nd5 Qxd2
16.Nxf6+ gxf6 17.Rxd2 h5 18.gxh5 Rxh5 19.Rg1 Kd7 20.Rg7 Rch8 21.Bg1 Bf8 22.Rgg2 Bh3
23.Rgf2 Bxf1 24.Rxf1 Ke6 25.Rfd1 f5 26.Rd3 fxe4 27.fxe4 Rh4 28.Rb3 b5 29.Ra3 Rxe4
30.Rxa6 f5 31.Bc5 f4 32.Bxd6 Bxd6 33.Raxd6+ Kf5 34.R6d2 f3 35.Rf1 Kf4 36.Rd7 Rh3
37.Rf7+ Ke3 38.Re1+ Kd4 39.Rd7+ Kc5 40.Rxe4 f2 41.Rxe5+  1-0

[Event "Open"]
[Site "Polanica Zdroj POL"]
[Date "2000.08.23"]
[Round "6"]
[White "Brodsky,M"]
[Black "Mamedov,N"]
[Result "1-0"]
[WhiteElo "2532"]
[BlackElo "2403"]

1.e4 c5 2.Nf3 d6 3.d4 cxd4 4.Nxd4 Nf6 5.Nc3 Nc6 6.Bg5 e6 7.Qd2 a6 8.O-O-O Qb6
9.Nb3 Bd7 10.Kb1 Rc8 11.f3 Qc7 12.f4 b5 13.Bd3 Be7 14.Rhe1 h6 15.Bxf6 Bxf6
16.Re3 b4 17.Nd5 exd5 18.exd5+ Ne5 19.fxe5 dxe5 20.Qxb4 Rg8 21.g3 a5 22.Qxa5 Qxa5
23.Nxa5 Rc5 24.Nc6 Bg5 25.Ree1 Rxd5 26.Be4 Rxd1+ 27.Rxd1 Bxc6 28.Bxc6+ Ke7
29.Bd5 Rb8 30.Rf1 f6 31.Rf3 h5 32.h4 Bd2 33.c3 Rb5 34.c4 Rb8 35.Kc2 Be1 36.a3 f5
37.b4 Rf8 38.Kd1 e4 39.Bxe4 Bxg3 40.Bd5 Be5 41.a4 f4 42.a5 Kd7 43.c5  1-0

[Event "5th Paks Cup GM"]
[Site "Paks HUN"]
[Date "2000.08.25"]
[Round "7"]
[White "Groszpeter,A"]
[Black "Varga,Zo"]
[Result "1/2-1/2"]
[WhiteElo "2478"]
[BlackElo "2541"]

1.e4 c5 2.Nf3 Nc6 3.d4 cxd4 4.Nxd4 Nf6 5.Nc3 d6 6.Bg5 e6 7.Qd2 a6 8.O-O-O h6
9.Be3 Be7 10.f4 Qc7 11.Bd3 Bd7 12.Kb1 b5 13.h3 Nxd4 14.Bxd4 Bc6 15.Qe3 O-O
16.e5 dxe5 17.Bxe5 Qb7 18.Rhe1 Rad8 19.g4 b4 20.Ne2 Nd5 21.Qg1 Bh4 22.Rf1 b3
23.axb3 Nb4 24.Qe3 Nxd3 25.Rxd3 Rxd3 26.Qxd3 Be4 27.Qe3 Rc8 28.Rc1 Bg6 29.Nd4 Qe4
30.Qxe4 Bxe4 31.Ne2 Bg2 32.Nc3 f6 33.Bd4 Rd8 34.Bb6 Rd6 35.Bc5 Rc6 36.b4 g5  1/2-1/2

[Event "III Pyramiden-Franken Cup"]
[Site "Fuerth GER"]
[Date "2000.08.27"]
[Round "9"]
[White "Kindermann,S"]
[Black "Joachim,S"]
[Result "0-1"]
[WhiteElo "2519"]
[BlackElo "2445"]

1.e4 c5 2.Nf3 Nc6 3.d4 cxd4 4.Nxd4 Nf6 5.Nc3 d6 6.Bg5 e6 7.Qd2 a6 8.O-O-O h6
9.Be3 Qc7 10.f3 Be7 11.Kb1 Rb8 12.g4 Nxd4 13.Bxd4 b5 14.Bd3 b4 15.Ne2 e5
16.Be3 d5 17.Ng3 dxe4 18.Bxe4 Nxe4 19.Nxe4 Bb7 20.h4 Rd8 21.Qf2 Rxd1+ 22.Rxd1 O-O
23.g5 f5 24.gxf6 Bxf6 25.Qg3 Bxe4 26.fxe4 Qf7 27.Qg4 h5 28.Qh3 Qg6 29.Bc5 Rf7
30.Bxb4 Qxe4 31.a3 Rc7 32.Qe6+ Kh7 33.Bc3 Rc6 34.Qe8 Qg4 35.Rf1 Re6 36.Qc8 e4
37.Qc4 Bxc3 38.Qxc3 Qxh4 39.Qe3 Qg4 40.Rg1 Qf5 41.Rg5 Qf3 42.Qd4 Rf6 43.Re5 Rf4
44.Rg5 Rf6 45.Re5 h4 46.Rxe4 h3 47.Re3 h2 48.Qd3+ Kh6  0-1

[Event "5th Paks Cup IM"]
[Site "Paks HUN"]
[Date "2000.08.27"]
[Round "9"]
[White "Tancsa,R"]
[Black "Pataki,G"]
[Result "0-1"]
[WhiteElo "2209"]
[BlackElo "2294"]

1.e4 c5 2.Nf3 Nc6 3.d4 cxd4 4.Nxd4 Nf6 5.Nc3 d6 6.Bg5 e6 7.Bb5 Qb6 8.Be3 Qc7
9.O-O Be7 10.Kh1 O-O 11.f4 Nxd4 12.Qxd4 Ng4 13.Bg1 Bf6 14.Qd1 Bxc3 15.bxc3 e5
16.f5 Nf6 17.Qf3 b6 18.Bd3 Qxc3 19.Be3 d5 20.exd5 Bb7 21.Qg3 e4 22.Bh6 Nh5
23.Qg5 exd3 24.f6 g6 25.Bxf8 Rxf8 26.cxd3 Qd4 27.Rae1 Bxd5 28.Re3 h6 29.Qxh6 Qg4
30.Rg1 Qh4  0-1

[Event "ch-HUN KO"]
[Site "Budapest HUN"]
[Date "2000.08.31"]
[Round "2.2"]
[White "Seres,B"]
[Black "Madl,I"]
[Result "1/2-1/2"]
[WhiteElo "2273"]
[BlackElo "2418"]

1.e4 c5 2.Nf3 d6 3.d4 Nf6 4.Nc3 cxd4 5.Nxd4 Nc6 6.Bg5 e6 7.Qd3 a6 8.O-O-O h6
9.Bh4 g5 10.Bg3 Ne5 11.Qd2 Nfd7 12.h4 Rg8 13.hxg5 hxg5 14.Be2 b6 15.Qe3 Bb7
16.f3 Qc7 17.Rh7 Be7 18.Kb1 Nf8 19.Rhh1 O-O-O 20.Bf2 Nfd7 21.g3 Kb8 22.Nb3 Nc5
23.Rh7 Rdf8 24.a3 Nxb3 25.cxb3 Qc5 26.Na4 Qxe3 27.Bxe3 b5 28.Nb6 Bc6 29.a4 Kb7
30.Bd4 g4 31.Bxe5 gxf3 32.Bxf3 dxe5 33.Nd7 Rd8 34.Rxf7 Rxd7 35.Rxd7+ Bxd7
36.Rxe7 Kc6 37.axb5+ axb5 38.g4 Rf8 39.Be2 Kd6 40.Rg7 Bc6 41.Bd3 Rf4 42.g5  1/2-1/2

[Event "LVI ch-POR"]
[Site "Barreiro POR"]
[Date "2000.09.02"]
[Round "1"]
[White "Oliveira,V"]
[Black "Andrade,Le"]
[Result "0-1"]
[WhiteElo "2025"]
[BlackElo "2208"]

1.e4 c5 2.Nf3 d6 3.d4 cxd4 4.Nxd4 Nf6 5.Nc3 Nc6 6.Bg5 e6 7.Qd2 a6 8.Nb3 Be7
9.O-O-O Bd7 10.Be2 b5 11.Be3 b4 12.Na4 Nxe4 13.Qd3 Nf6 14.Nb6 Rb8 15.Qxa6 Qc7
16.Bb5 Ne5 17.Nxd7 Nexd7 18.Rd4 d5 19.Bd2 Rc8 20.Bxd7+ Nxd7 21.Qd3 O-O 22.Bxb4 Ne5
23.Qe2 Nc6 24.Bxe7 Nxd4 25.Nxd4 Qxe7 26.Rd1 Rfe8 27.Kb1 e5 28.Re1 Qd7 29.Nf3 Qc6
30.a3 f6 31.g4 Qc5 32.Qd2 Rb8 33.Ka1 Rec8 34.Re2 Ra8 35.Ka2 Ra4 36.g5 Rb8
37.Qc1 Qc4+  0-1

[Event "chT-POL"]
[Site "Zakopane chT"]
[Date "2000.09.02"]
[Round "1"]
[White "Antoniewski,R"]
[Black "Staniszewski,Pi"]
[Result "0-1"]
[WhiteElo "2446"]
[BlackElo "2434"]

1.e4 c5 2.Nf3 d6 3.d4 cxd4 4.Nxd4 Nf6 5.Nc3 Nc6 6.Bg5 e6 7.Qd2 a6 8.O-O-O Bd7
9.f3 b5 10.Kb1 Rb8 11.Nxc6 Bxc6 12.Ne2 h6 13.Be3 Nd7 14.Nd4 Ba8 15.c4 b4
16.Nb3 Nc5 17.Bf4 Nxb3 18.axb3 e5 19.Be3 Qc7 20.Bd3 Be7 21.h4 a5 22.g4 h5
23.Qg2 g6 24.f4 a4 25.bxa4 b3 26.gxh5 Rxh5 27.Qg4 exf4 28.Qxf4 Ra5 29.Rhf1 Bf8
30.Bd4 Rb4 31.Bc3 Rbxa4 32.Kc1 Rh5 33.Rg1 Bh6 34.Rg5 Ra1+ 35.Kd2 Rxd1+ 36.Kxd1 Bxg5
37.hxg5 Rh1+ 38.Ke2 Qc5 39.e5 Qg1 40.Kd2 Qe1+  0-1

[Event "Open"]
[Site "Abudhabi UAE"]
[Date "2000.09.03"]
[Round "8"]
[White "Abdelnabbi,I"]
[Black "Babaev,R"]
[Result "1/2-1/2"]
[WhiteElo "2408"]
[BlackElo "2322"]

1.e4 c5 2.Nf3 d6 3.d4 cxd4 4.Nxd4 Nf6 5.Nc3 Nc6 6.Bg5 e6 7.Qd2 a6 8.O-O-O h6
9.Be3 Be7 10.f4 Nxd4 11.Bxd4 b5 12.Be2 b4 13.Na4 Nxe4 14.Qe3 Nf6 15.Bf3 d5
16.g4 Rb8 17.h4 Bd6 18.Nc5 Qc7 19.Nd3 Bb7 20.g5 Rc8 21.Kb1 hxg5 22.hxg5 Rxh1
23.Rxh1 Qxc2+ 24.Ka1 Ne4 25.Bxg7 Qd2 26.Qxd2 Nxd2 27.Bg4 Kd7 28.Rh7 Rc7  1/2-1/2

[Event "chT-POL"]
[Site "Zakopane chT"]
[Date "2000.09.04"]
[Round "3"]
[White "Antoniewski,R"]
[Black "Miton,K"]
[Result "1/2-1/2"]
[WhiteElo "2446"]
[BlackElo "2443"]

1.e4 c5 2.Nf3 Nc6 3.d4 cxd4 4.Nxd4 Nf6 5.Nc3 d6 6.Bg5 e6 7.Qd2 a6 8.O-O-O Bd7
9.f3 h6 10.Be3 Qc7 11.Kb1 Na5 12.Nb3 Nc4 13.Bxc4 Qxc4 14.g4 b5 15.h4 b4 16.Ne2 g6
17.Rhe1 Rc8 18.Nec1 Qb5 19.g5 hxg5 20.hxg5 Nh5 21.Nd3 a5 22.f4  1/2-1/2

[Event "It Gp A"]
[Site "Albacete ESP"]
[Date "2000.09.05"]
[Round "1"]
[White "Korneev,O"]
[Black "Fernandez Romero,Ern"]
[Result "1-0"]
[WhiteElo "2619"]
[BlackElo "2383"]

1.e4 c5 2.Nf3 Nc6 3.d4 cxd4 4.Nxd4 Nf6 5.Nc3 d6 6.Bg5 e6 7.Qd2 a6 8.O-O-O h6
9.Be3 Bd7 10.f3 Qc7 11.Kb1 b5 12.Nxc6 Bxc6 13.Ne2 d5 14.e5 Nd7 15.f4 Nc5
16.Nd4 Ne4 17.Qe1 Bb7 18.Bd3 h5 19.f5 exf5 20.Nxf5 O-O-O 21.Rf1 g6 22.Bxe4 dxe4
23.Nd6+ Bxd6 24.exd6 Qd7 25.Rf6 Kb8 26.Qd2 Rhf8 27.Qd4 Bc6 28.Rdf1 Qb7 29.Bh6 Rfe8
30.Rxf7  1-0

[Event "LVI ch-POR"]
[Site "Barreiro POR"]
[Date "2000.09.05"]
[Round "4"]
[White "Vitor,A"]
[Black "Damaso,R"]
[Result "0-1"]
[WhiteElo "2302"]
[BlackElo "2386"]

1.e4 c5 2.Nf3 d6 3.d4 cxd4 4.Nxd4 Nf6 5.Nc3 Nc6 6.Bg5 e6 7.Be2 Be7 8.O-O O-O
9.Kh1 a6 10.Be3 Qc7 11.Nb3 b5 12.a3 Bb7 13.f4 Rfe8 14.Bf3 Rad8 15.Qe1 Qb8
16.Qf2 Bf8 17.Rfd1 Qa8 18.Bb6 Rc8 19.Re1 Qb8 20.Be3 Qa8 21.Bb6 Ne7 22.Nd2 Ng6
23.g3 h5 24.Kg1 e5 25.f5 Ne7 26.Qg2 d5 27.exd5 Nxf5 28.Nde4 Nxe4 29.Nxe4 Qb8
30.Qf2 Bxd5 31.Nf6+ gxf6 32.Bxd5 Qxb6 33.Qxb6 Bc5+ 34.Qxc5 Rxc5 35.Be4 Nd6
36.c3 Nxe4 37.Rxe4 Rd8 38.Re2 Kg7 39.a4 Rcd5 40.Ra3 Kg6 41.axb5 axb5 42.Rb3 h4
43.Rb4 hxg3 44.hxg3 f5 45.Kg2 Kg5 46.c4 Rd2 47.Kf1 Rxe2 48.Kxe2 bxc4 49.Rxc4 e4
50.Rc7 Rd3 51.Kf2 Rf3+  0-1

[Event "chT-POL"]
[Site "Zakopane chT"]
[Date "2000.09.06"]
[Round "5"]
[White "Jakubiec,A"]
[Black "Dziuba,M"]
[Result "1-0"]
[WhiteElo "2488"]
[BlackElo "2392"]

1.e4 c5 2.Nf3 Nc6 3.d4 cxd4 4.Nxd4 Nf6 5.Nc3 d6 6.Bg5 Bd7 7.Qd2 Rc8 8.Be2 Nxd4
9.Qxd4 Qa5 10.Bd2 a6 11.O-O Qc5 12.Qd3 e6 13.Kh1 Be7 14.Qg3 Bc6 15.Bd3 O-O
16.f4 Nd7 17.f5 e5 18.Bh6 Bf6 19.Bxg7 Bxg7 20.f6 Nxf6 21.Rxf6 Rce8 22.Raf1 Re6
23.R6f5 Rg6 24.Qf3 f6 25.Nd5 Rf7 26.b4 Qa7 27.Bc4 Kf8 28.Qd3 b5 29.Bb3 Qb8
30.Ne3 Rd7 31.Rh5 Qa8 32.Bd5 Bxd5 33.Nxd5 Rf7 34.Rxh7 Qc8 35.Rh3 Bh6 36.Qe2 Qe6
37.Qf3 Kg7 38.Rh5 Rf8 39.c3 Rc8 40.Rf5 Bg5 41.Qf2 Rc4 42.Qe2 Qe8 43.g3 Rh6
44.Qf3 Qg6 45.Kg2 Kf7 46.Qg4 Kg7 47.Ne7 Qe8 48.Rxf6  1-0

[Event "It"]
[Site "Herzeliya ISR"]
[Date "2000.09.07"]
[Round "2"]
[White "Haimovich,T"]
[Black "Marcelin,C"]
[Result "1/2-1/2"]
[WhiteElo "2322"]
[BlackElo "2433"]

1.e4 c5 2.Nf3 Nc6 3.d4 cxd4 4.Nxd4 Nf6 5.Nc3 d6 6.Bg5 e6 7.Qd2 a6 8.O-O-O Bd7
9.Be2 b5 10.Nxc6 Bxc6 11.Bf3 Rc8 12.Rhe1 Qa5 13.Kb1 Nd7 14.Be2 Bb7 15.f4 Nb6
16.Bd3 b4 17.Ne2 Qc5 18.Nd4 Nc4 19.Bxc4 Qxc4 20.e5 Bd5 21.b3 Qc3 22.Qxc3 Rxc3
23.Nf5 Kd7 24.Ne3 Be4 25.exd6 f5 26.Rd4 h6 27.Bh4 g5 28.Bg3 Bg7 29.Rxb4 Rhc8
30.Re2 a5 31.Rxe4 fxe4 32.Nc4 R3xc4 33.bxc4 Rxc4 34.fxg5 hxg5 35.Re3 Bc3
36.a3 e5 37.Be1 Bxe1 38.Rxe1 Kxd6 39.Kb2 Rd4 40.Kc3 Kd5 41.Re2 Rc4+ 42.Kd2 Kd4
43.h3 Rc8 44.g3 Rc3 45.Rxe4+ Kxe4 46.Kxc3 Kf3 47.Kd2 Kf2  1/2-1/2

[Event "chT-POL"]
[Site "Zakopane chT"]
[Date "2000.09.12"]
[Round "10"]
[White "Rydzik,K"]
[Black "Bielczyk,J"]
[Result "0-1"]
[WhiteElo "2077"]
[BlackElo "2377"]

1.e4 c5 2.Nf3 Nc6 3.d4 cxd4 4.Nxd4 Nf6 5.Nc3 d6 6.Bg5 Qb6 7.Bxf6 gxf6 8.Nb3 e6
9.a4 a6 10.a5 Qc7 11.Be2 Be7 12.O-O O-O 13.f4 Kh8 14.Qd2 Bd7 15.Na4 Rg8 16.Nb6 Rad8
17.c4 Be8 18.Qc3 Bf8 19.Kh1 Bg7 20.f5 Ne5 21.Nd4 Qe7 22.Qh3 Nc6 23.Rf4 Nxd4
24.Rh4 Bh6 25.Rxh6 Rg7 26.Bf3 Bc6 27.Rd1 Nxf3 28.gxf3 Rdg8 29.Rh5 d5 30.cxd5 exd5
31.exd5 Qe2 32.Qf1 Rg1+ 33.Qxg1 Qxf3+  0-1

[Event "World Seniors"]
[Site "Rowy POL"]
[Date "2000.09.14"]
[Round "4"]
[White "Semasev,K"]
[Black "Chernikov,O"]
[Result "0-1"]
[WhiteElo "2307"]
[BlackElo "2437"]

1.e4 c5 2.Nf3 Nc6 3.d4 cxd4 4.Nxd4 Nf6 5.Nc3 d6 6.Bg5 g6 7.Be2 Bg7 8.Be3 O-O
9.O-O d5 10.Nxc6 bxc6 11.exd5 cxd5 12.Bf3 e6 13.Re1 a5 14.Bd4 Rb8 15.Rb1 Nd7
16.Bxg7 Kxg7 17.Qd4+ Kg8 18.a3 Qf6 19.Qa7 Qd8 20.Qd4 Bb7 21.Qd2 Qf6 22.Red1 Rfc8
23.Be2 Bc6 24.b4 axb4 25.axb4 Nb6 26.Ba6 Rc7 27.b5 Nc4 28.Qd3 Be8 29.Re1 Nb6
30.Rb3 Nd7 31.Qg3 Qd8 32.h4 Nc5 33.Ra3 Ra7 34.h5 Qc7 35.Qh4 Qd8 36.Qd4 Rc7
37.Qf4 f6 38.Nxd5 exd5 39.Rxe8+ Qxe8 40.Qxc7 Qe4 41.Kh2 Qe5+ 42.Qxe5 fxe5
43.hxg6 d4 44.gxh7+ Kxh7 45.Ra5 Rb6 46.Bc8 Kg6 47.Ra6 Nxa6 48.bxa6 Rb2 49.Bb7 Ra2
50.f3 Kf5 51.Kg1 Kf4 52.Kf1 Kg3 53.Ke1 Kxg2 54.f4+ e4 55.f5 Kf3 56.f6 Ke3
57.Kf1 d3 58.cxd3 exd3 59.f7 Rf2+  0-1

[Event "World Seniors"]
[Site "Rowy POL"]
[Date "2000.09.15"]
[Round "5"]
[White "Bylino,O"]
[Black "Jugow,A"]
[Result "1/2-1/2"]
[WhiteElo "2264"]
[BlackElo "2175"]

1.e4 c5 2.Nf3 d6 3.d4 cxd4 4.Nxd4 Nf6 5.Nc3 Nc6 6.Bg5 a6 7.Be2 Qb6 8.Nb3 e6
9.O-O Be7 10.Kh1 O-O 11.Bxf6 gxf6 12.f4 Kh8 13.Bh5 Bd7 14.Rf3 a5 15.Rh3 Rg8
16.a4 Qf2 17.Bf3 Rg7 18.Qe2 Qb6 19.Rd1 Nb4 20.Rh5 Bc6 21.Nd4 Rd8 22.Ndb5 Na6
23.Nd5 Bxd5 24.exd5 e5 25.fxe5 fxe5 26.Be4 Nc5 27.Rf1 Nxe4 28.Qxe4 Qc5 29.c3 Kg8
30.Rhf5 Rd7 31.h4 Qc8 32.Kh2 Qd8 33.g3 Bf8 34.R1f2 Rg6 35.Na3 Bh6 36.Nc4 Bf4
37.R2xf4 exf4 38.Qxf4 Qe8 39.Nb6 Re7 40.Nc4 Qxa4 41.h5 Rg7 42.Qxd6 Qc2+ 43.Kg1 Re1+
44.Rf1 Rxf1+ 45.Kxf1 h6 46.Ne3 Qc1+ 47.Ke2 Qxb2+ 48.Kd3 Qf2 49.g4 Qf3 50.Kd4 Rg5
51.Qb8+ Kh7 52.Qxb7 Qf4+ 53.Kd3 Re5 54.Qb6 Re4  1/2-1/2

[Event "TCh-FIN 00-01"]
[Site "FIN"]
[Date "2000.09.23"]
[Round "1"]
[White "Nyysti,S"]
[Black "Niemela,A"]
[Result "1/2-1/2"]
[WhiteElo "2284"]
[BlackElo "2246"]

1.e4 c5 2.Nf3 d6 3.d4 cxd4 4.Nxd4 Nf6 5.Nc3 Nc6 6.Bg5 e6 7.Qd2 a6 8.O-O-O h6
9.Be3 Be7 10.f3 Nxd4 11.Bxd4 e5 12.Be3 Be6 13.Nd5 Nxd5 14.exd5 Bf5 15.Qb4 b5
16.Bd3 Bd7 17.f4 a5 18.Qe1 exf4 19.Bxf4 O-O 20.Qg3 Bg5 21.h4 Bxf4+ 22.Qxf4 Qb6
23.Qe4 f5 24.Qf4 Rae8 25.Rhe1 Rxe1 26.Rxe1 Qc5 27.Re7 Qg1+ 28.Qf1 Qxf1+ 29.Bxf1 Rf7
30.Re3 g5 31.hxg5 hxg5 32.Kd2 f4 33.Rb3 Rf5 34.c4 a4 35.Rb4 bxc4 36.Bxc4 Kf7
37.b3 axb3 38.Bxb3 f3 39.gxf3 Rxf3 40.a4 g4 41.Bd1 Rf2+ 42.Ke3 g3 43.Rb7 Ke8
44.Rb8+ Ke7 45.Rg8  1/2-1/2

[Event "V ECC Women"]
[Site "Halle GER"]
[Date "2000.09.25"]
[Round "2"]
[White "Bojkovic,N"]
[Black "Madl,I"]
[Result "1/2-1/2"]
[WhiteElo "2420"]
[BlackElo "2418"]

1.e4 c5 2.Nf3 d6 3.d4 Nf6 4.Nc3 cxd4 5.Nxd4 Nc6 6.Bg5 e6 7.Qd2 a6 8.O-O-O Bd7
9.f4 b5 10.Bxf6 gxf6 11.Kb1 Qb6 12.Nxc6 Bxc6 13.Qe1 Be7 14.f5 Qc5 15.fxe6 fxe6
16.Bd3 Kd7 17.Rf1 Rag8 18.Rf2 Rg5 19.Ne2 Rhg8 20.Qf1 Re5 21.Rf4 a5 22.g3 b4
23.Ng1 a4 24.Nf3 a3 25.Qg1 Qxg1 26.Rxg1 Rc5 27.b3 Bd8 28.Bc4 Rg7 29.Nd2 Ke7
30.Rgf1 Rg6 31.Bd3 Bb6  1/2-1/2

[Event "XVI ECC"]
[Site "Neum BIH"]
[Date "2000.09.28"]
[Round "5"]
[White "Hartman,C"]
[Black "Atalik,S"]
[Result "0-1"]
[WhiteElo "2316"]
[BlackElo "2549"]

1.e4 c5 2.Nf3 d6 3.d4 cxd4 4.Nxd4 Nf6 5.Nc3 Nc6 6.Bg5 e6 7.Qd2 a6 8.O-O-O Nxd4
9.Qxd4 Be7 10.f4 b5 11.Bxf6 gxf6 12.Bd3 Qc7 13.Qe3 b4 14.Ne2 Qc5 15.Qg3 Kf8
16.Kb1 a5 17.Rc1 a4 18.c3 Rb8 19.Rhf1 f5 20.Qe1 fxe4 21.Bxe4 Ba6 22.Rf3 Bf6
23.Bd3 Bxd3+ 24.Rxd3 Qf5 25.Qd2 bxc3 26.Nxc3 Rb4 27.g3 a3 28.Rc2 Rxb2+ 29.Rxb2 axb2
30.g4 Qxg4 31.Rxd6 Qg1+ 32.Kxb2 Rg8 33.Kb3 Rg2 34.Qd3 Qc1 35.f5 Qb2+ 36.Kc4 Rg4+
37.Ne4 exf5  0-1

[Event "V ECC Women"]
[Site "Halle GER"]
[Date "2000.09.29"]
[Round "6"]
[White "Bojkovic,N"]
[Black "Kovalevskaya,E"]
[Result "1/2-1/2"]
[WhiteElo "2420"]
[BlackElo "2475"]

1.e4 c5 2.Nf3 d6 3.d4 cxd4 4.Nxd4 Nf6 5.Nc3 Nc6 6.Bg5 e6 7.Qd2 a6 8.O-O-O h6
9.Be3 Be7 10.f3 Nxd4 11.Bxd4 e5 12.Be3 Be6 13.Kb1 Rc8 14.Be2 b5 15.g4 Qa5
16.Nd5 Qxd2 17.Nxf6+ Bxf6 18.Bxd2 d5 19.exd5 Bxd5 20.Bb4 Bc6 21.h4 Be7 22.Bc3 f6
23.h5 O-O 24.Rhf1 e4 25.f4 Bc5 26.a3 Rcd8 27.b4 Bb6 28.Kb2 e3 29.Rxd8 Rxd8
30.Kc1 Be4 31.Rg1 Rc8 32.Kb2 Bd4 33.Bxd4 Rxc2+ 34.Kb3 Rxe2 35.Rg3 Rd2 36.Bxe3 Rg2
37.Rxg2 Bxg2 38.g5 Bf3 39.gxh6 gxh6 40.Kc3 Bxh5 41.f5 Kg7 42.Kd4 Bd1 43.Ke4 h5
44.Bf2 Kf7 45.Bh4 Ke7 46.Kf4 Bc2 47.Bf2 Kd6 48.Bh4 Ke7  1/2-1/2

[Event "1st European Rapid Ch"]
[Site "Neum BIH"]
[Date "2000.10.02"]
[Round "1"]
[White "Lalic,B"]
[Black "Zvjaginsev,V"]
[Result "1/2-1/2"]
[WhiteElo "2520"]
[BlackElo "2634"]

1.e4 c5 2.Nf3 d6 3.d4 cxd4 4.Nxd4 Nf6 5.Nc3 Nc6 6.Bg5 e6 7.Qd2 Be7 8.O-O-O O-O
9.f4 Bd7 10.Bc4 Nxd4 11.Qxd4 Bc6 12.Rhe1 Qa5 13.e5 dxe5 14.Qxe5 Qxe5 15.fxe5 Nd5
16.Bxe7 Nxe7 17.g3 Rfd8 18.a4 Rxd1+ 19.Rxd1 Ng6 20.Re1 a6 21.b4 Kf8 22.Kb2 Ke7
23.Kb3 h5 24.Bd3 Nf8 25.b5 axb5 26.axb5 Bg2 27.Rg1 Bf3 28.Rf1 Bg2 29.Rg1 Bf3
30.Rf1 Bg2  1/2-1/2

[Event "EuYCh B16"]
[Site "Halkidiki GRE"]
[Date "2000.10.03"]
[Round "2"]
[White "Skrzypnik,M"]
[Black "Chapar,S"]
[Result "1/2-1/2"]
[WhiteElo "2223"]
[BlackElo "2359"]

1.e4 c5 2.Nf3 Nc6 3.d4 cxd4 4.Nxd4 Nf6 5.Nc3 d6 6.Bg5 e6 7.Qd2 Be7 8.O-O-O O-O
9.f4 Nxd4 10.Qxd4 Qa5 11.Qd3 Rd8 12.h4 Bd7 13.Qg3 Bc6 14.Bd3 b5 15.e5 dxe5
16.fxe5 Qc7 17.Qf4 Nd5 18.Nxd5 Rxd5 19.Bxe7 Qxe7 20.Be4 Rc5 21.Bxc6 Rxc6
22.g3 Qc7 23.Rh2 Rc8 24.Qe4 Rc4 25.Qd3 h6 26.Re2 Rc5 27.Qe4 Rc4 28.Qd3 Rc5
29.Qe4 a5 30.Rd6 a4 31.a3 Rc4 32.Qd3 b4 33.axb4 a3 34.Kb1 axb2 35.Rd2 Rxb4
36.Rd8+ Qxd8 37.Qxd8+ Rxd8 38.Rxd8+ Kh7 39.Rd7 Kg6 40.h5+ Kxh5 41.Rxf7 Kg6
42.Re7 Kf5 43.Rxg7 Kxe5 44.Rg6 h5 45.Rg5+ Kd4 46.Rxh5 e5 47.c3+ Kxc3 48.Rxe5 Rg4  1/2-1/2

[Event "Veselin Boskovic Mem"]
[Site "Belgrade YUG"]
[Date "2000.10.08"]
[Round "5"]
[White "Ivanovic,B"]
[Black "Damljanovic,B"]
[Result "1-0"]
[WhiteElo "2476"]
[BlackElo "2559"]

1.e4 c5 2.Nf3 Nc6 3.d4 cxd4 4.Nxd4 Nf6 5.Nc3 d6 6.Bg5 e6 7.Qd2 a6 8.O-O-O Bd7
9.f4 b5 10.Bxf6 gxf6 11.Kb1 Qb6 12.Nxc6 Bxc6 13.Qe1 Be7 14.Bd3 h5 15.f5 b4
16.Ne2 e5 17.Ng3 h4 18.Nf1 Qb7 19.Nd2 a5 20.Bc4 a4 21.Qe2 Ra5 22.Rhe1 Rc5
23.b3 a3 24.Qg4 Kf8 25.Re3 d5 26.exd5 Bxd5 27.g3 Bxc4 28.Nxc4 Rd5 29.Ree1 Rxd1+
30.Rxd1 Qg2 31.Nb6 Qc6 32.Nd5 hxg3 33.hxg3 Qc5 34.Qe2 Kg7 35.g4 Rd8 36.Qf3 Bf8
37.g5 Be7 38.Qh3 Rh8 39.gxf6+  1-0

[Event "EuYCh G16"]
[Site "Halkidiki GRE"]
[Date "2000.10.09"]
[Round "8"]
[White "Pogonina,N"]
[Black "Ciobanu,C"]
[Result "1-0"]
[WhiteElo "2194"]
[BlackElo "2207"]

1.e4 c5 2.Nf3 Nc6 3.d4 cxd4 4.Nxd4 Nf6 5.Nc3 d6 6.Bg5 Bd7 7.Qd2 Rc8 8.O-O-O Nxd4
9.Qxd4 Qa5 10.Bh4 e5 11.Qd3 Rxc3 12.Qxc3 Qxc3 13.bxc3 Nxe4 14.Kb2 Be7 15.Bg3 f5
16.f3 Nxg3 17.hxg3 Be6 18.Bb5+ Kf7 19.Ba4 h6 20.Bb3 Rc8 21.Bd5 Bxd5 22.Rxd5 Ke6
23.Rhd1 Rc6 24.Rb5 b6 25.a4 a6 26.Rbd5 Bf6 27.Kb3 e4 28.c4 Be5 29.f4 Bf6
30.g4 Bh4 31.gxf5+ Kf6 32.R1d4 e3 33.Re4 Bf2 34.Kc3 g6 35.fxg6 Kxg6 36.Kd3 Kf6
37.g4 e2 38.Rxe2 Bc5 39.Rf5+ Kg6 40.Re6+ Kg7 41.Re7+ Kg6 42.Re6+ Kg7 43.Rff6 Rc8
44.Rxh6 a5 45.f5  1-0

[Event "It"]
[Site "Alushta UKR"]
[Date "2000.10.15"]
[Round "1"]
[White "Andreev,Ed"]
[Black "Shishkin,V"]
[Result "1/2-1/2"]
[WhiteElo "2433"]
[BlackElo "2415"]

1.e4 c5 2.Nf3 Nc6 3.d4 cxd4 4.Nxd4 Nf6 5.Nc3 d6 6.Bg5 e6 7.Qd2 a6 8.O-O-O Bd7
9.f4 b5 10.Bxf6 gxf6 11.Kb1 Qb6 12.Nxc6 Bxc6 13.Bd3 h5 14.Qe2 O-O-O 15.a3 Kb8
16.Rhf1 Bb7 17.f5 e5 18.Qf3 Rc8 19.Be2 Qc5 20.Qd3 h4 21.Bf3 Rc7 22.Qe2 Qc4
23.Rd3 Be7 24.Qd1 Qc5 25.Re1 Bf8 26.a4 bxa4 27.Nxa4 Qb4 28.Nc3 Ka7 29.Nd5 Bxd5
30.exd5 Rb7 31.Rb3 Qc5 32.Ree3 Bh6  1/2-1/2

[Event "It"]
[Site "Alushta UKR"]
[Date "2000.10.16"]
[Round "2"]
[White "Zubarev,A1"]
[Black "Kalygin,S"]
[Result "1-0"]
[WhiteElo "2456"]
[BlackElo "2472"]

1.e4 c5 2.Nf3 Nc6 3.d4 cxd4 4.Nxd4 Nf6 5.Nc3 d6 6.Bg5 e6 7.Qd2 a6 8.O-O-O Bd7
9.f3 Be7 10.h4 Qc7 11.Kb1 Nxd4 12.Qxd4 b5 13.g4 Rb8 14.Qd2 Bc6 15.Ne2 Bb7
16.Nd4 h5 17.gxh5 Rxh5 18.Bh3 Bc8 19.Ne2 b4 20.Bg2 a5 21.f4 Bb7 22.Ng3 Rh8
23.h5 Rc8 24.Bf3 d5 25.h6 gxh6 26.Bxf6 Bxf6 27.Nh5 Bxb2 28.Kxb2 dxe4 29.Bxe4 Bxe4
30.Nf6+ Ke7 31.Nxe4 Rhd8 32.Qf2 Rxd1 33.Rxd1 f5 34.Qh4+ Kf8 35.Qf6+  1-0

[Event "Essent Open"]
[Site "Hoogeveen NED"]
[Date "2000.10.16"]
[Round "4"]
[White "Hommeles,T"]
[Black "Berkvens,J"]
[Result "1/2-1/2"]
[WhiteElo "2409"]
[BlackElo "2364"]

1.e4 c5 2.Nf3 Nc6 3.d4 cxd4 4.Nxd4 Nf6 5.Nc3 d6 6.Bg5 Bd7 7.Be2 e6 8.Bxf6 gxf6
9.Ndb5 Qb8 10.Bh5 Rg8 11.O-O a6 12.Nd4 b5 13.Kh1 Qb6 14.Nxc6 Bxc6 15.Qf3 Qc5
16.Rae1 Rg5 17.Nd5 Be7 18.b4 Qa7 19.Nf4 Kf8 20.h4 Rg7 21.Qd3 Rc8 22.Bf3 Qc7
23.Nh5 Rg6 24.Qe3 Be8 25.Nf4 Rg8 26.Nh5 Rg6 27.Nf4 Rg8 28.Nh5 Rg6  1/2-1/2

[Event "1st It A"]
[Site "Salou ESP"]
[Date "2000.10.16"]
[Round "1"]
[White "Montell Lorenzo,J"]
[Black "Tyomkin,D"]
[Result "0-1"]
[WhiteElo "2327"]
[BlackElo "2522"]

1.e4 c5 2.Nf3 d6 3.d4 cxd4 4.Nxd4 Nf6 5.Nc3 Nc6 6.Bg5 e6 7.Qd2 a6 8.O-O-O h6
9.Nxc6 bxc6 10.Bf4 d5 11.Qe3 Be7 12.Be2 Nd7 13.exd5 cxd5 14.Rhe1 O-O 15.g4 Bb7
16.Rg1 Re8 17.g5 hxg5 18.Bxg5 Bxg5 19.Rxg5 Qf6 20.Rdg1 g6 21.h4 d4 22.Qd3 Qf4+
23.Kb1 Ne5 24.Rxe5 Qxe5 25.h5 dxc3 26.hxg6 f5 27.g7 Re7 28.f4 Qb5 29.Qxc3 Qxe2
30.Qf6 Rc8 31.c3 Rd8 32.Rc1 Qd2 33.a4 Be4+ 34.Ka2 Rb8  0-1